Finales de Ligue des Champions - Statistiques

Statistiques générales
  • Ce quiz a été pris 75 fois
  • Le résultat moyen est 12 sur 20
Statistiques - réponses
Question Réponse % Correct
Lors de la finale de Ligue des Champions 2020, qui était l'unique buteur du match ? Coman
100%
Quel est le seul club Roumain à avoir remporter la Ligue des Champions ? Steaua Bucarest
100%
Quels sont les seuls clubs Serbe et Ecossais à avoir remporté la Ligue des Champions ? Étoile rouge de Belgrade et Celtic Glasgow
90%
Nottingham Forest est le seul club à avoir remporté plus de fois la Ligue des Champions que leur championnat national de première division (PL, Ligue 1...) ? Vrai
90%
Quel entraîneur a atteint le plus de fois la finale de Ligue des Champions ? Carlo Ancelotti
80%
Quelle était l'affiche de la finale de la première édition de la Ligue des Champions ? Real Madrid - Reims
80%
Qui est le meilleur buteur en finale de Ligue des Champions ? et combien de buts a-t-il inscrit ? Cristiano Ronaldo 4
70%
Quelle ville va recevoir la finale de Ligue des Champions 2022/2023 ? Istanbul
70%
Quel club a perdu le plus de finale de Ligue des Champions ? Juventus
70%
Sur la célèbre retournée de Gareth Bale en Finale de Ligue des Champions 2018, qui lui délivre la passe décisive ? Marcelo
70%
Combien de Ligue des Champions a remporté Liverpool ? 6
60%
De quel pays sont issus les clubs comptant le plus de défaites en finale de Ligue des Champions ? Les clubs Italiens
60%
Quel score est le plus récurrent en finale de Ligue des Champions ? 1-0
50%
Quel était le score de la finale la plus prolifique (en terme de buts) de l'histoire de la Ligue des Champions, opposant le Real Madrid à l'Eintracht Francfort ? 7-3
50%
Lors de la finale de la Ligue des Champions 2016, quels étaient les tireurs de pénalty du Real de Madrid ? Vázquez / Marcelo / Bale / Ramos / Ronaldo
50%
Où s'est déroulée la finale de Ligue des Champions Real Madrid CF - Valence CF en 2000 ? St Denis, Stade de France
40%
Combien de fois deux clubs d'un même pays se sont affrontés en finale de Ligue des Champions ?(exemple Atlético - Real // Man. City - Chelsea ...) 8
30%
Sur quel score se sont quittés l'Ajax et le Milan AC lors de la finale de Ligue des Champions de 1995 ? Ajax 1-0 Milan AC
30%
11 finales de Ligue des Champions se sont conclues aux tirs au but. Quel est le seul club à avoir remporté deux finales au tir au but ? Liverpool
30%
Quel stade a accueilli le plus de finale de Ligue des Champions ? Santiago Bernabéu - Madrid
10%
Aucun quiz correspondant
Distribution des résultats
% des personnes avec chaque résultat
Percentile par nombre de réponses
Votre historique - résultats
Vous n’avez pas pris ce quiz